=LDR 00000nam 2200000 4500 =001 INLIS000000000033760 =005 20130612135710 =008 ***********************************ind** =035 ##$$0010-061300000033760 =041 ##$$a ind =082 ##$$a 610. 73 =090 ##$$a 610.73, Suy m =100 ##$$a SUYANTO =245 ##$$a Mengenal Kepemimpinan dan Manajemen Keperawatan di Rumah Sakit / Suyanto : editor ; Handoko Ridikdo =260 ##$$a 2008 $b Yogyakarta =300 ##$$a Vi, 132 hlm, 21 cm =650 ##$$a Perawat dan Perawatan =700 ##$$a Ridikdo, Handoko =850 ##$$a NBPNMAT =990 ##$$a 0001/BPAP-NTB/2015 =990 ##$$a 0001/BPAP-NTB/2016 =990 ##$$a 83658365 =990 ##$$a 0001/BPAP-NTB/2015 =990 ##$$a 0001/BPAP-NTB/2016 =990 ##$$a 01201708365 =990 ##$$a 0001/BPAP-NTB/2015 =990 ##$$a 0001/BPAP-NTB/2016 =990 ##$$a 01201708365